[Event "Harrogate 4NCL op-C 31st"]
[Site "Harrogate"]
[Date "2024.01.20"]
[Round "2"]
[White "Waite, Nicholas"]
[Black "Matthews, Graham W"]
[Result "1-0"]
[WhiteElo "1361"]
[BlackElo "1648"]
[PlyCount "55"]
[EventDate "2024.01.19"]
[EventType "swiss"]
[EventRounds "5"]
[EventCountry "ENG"]
[SourceTitle "EXT 2025"]
[Source "ChessBase"]
[SourceDate "2024.10.14"]
[SourceVersion "1"]
[SourceVersionDate "2024.10.14"]
[SourceQuality "1"]

1. Nf3 d5 2. d3 Nf6 3. g3 c6 4. Bg2 Bg4 5. 0-0 Nbd7 6. Nbd2 Qc7 7. c3 e6 8. Re1 Bd6 9. e4 dxe4 10. dxe4 Rd8 11. Qc2 Ne5 12. Nd4 0-0 13. f4 Ng6 14. e5 Nxe5 15. fxe5 Bxe5 16. N2f3 Bd6 17. Bg5 Nd7 18. Bxd8 Rxd8 19. Rad1 e5 20. Ng5 g6 21. Qf2 Rf8 22. Ngf3 Bc5 23. Re3 f5 24. Ne6 Bxe3 25. Qxe3 Qc8 26. Nxf8 Nxf8 27. Qxe5 Nd7 28. Qe6+ 1-0

[Event "Harrogate 4NCL op-C 29th"]
[Site "Harrogate"]
[Date "2023.01.21"]
[Round "3"]
[White "Pointon, Mike"]
[Black "Matthews, Graham W"]
[Result "1-0"]
[WhiteElo "1675"]
[BlackElo "1583"]
[PlyCount "53"]
[EventDate "2023.01.20"]
[EventType "swiss"]
[EventRounds "5"]
[EventCountry "ENG"]
[SourceTitle "CBM 212 Extra"]
[Source "ChessBase"]
[SourceDate "2023.03.31"]
[SourceVersion "1"]
[SourceVersionDate "2023.03.31"]
[SourceQuality "1"]

1. e4 c5 2. Nf3 Nc6 3. d4 cxd4 4. Nxd4 e6 5. c4 a6 6. a3 Be7 7. Nc3 Nf6 8. Be2 0-0 9. Be3 d5 10. cxd5 exd5 11. exd5 Nxd5 12. Nxd5 Nxd4 13. Nxe7+ Qxe7 14. Qxd4 Rd8 15. Qf4 Be6 16. 0-0 Rd5 17. Rac1 Rf5 18. Qc7 Qxc7 19. Rxc7 Bd5 20. Rc5 b6 21. Rxd5 Rxd5 22. Bf3 Rad8 23. Bxd5 Rxd5 24. Bxb6 Rd2 25. Rb1 f6 26. Ba5 Rc2 27. Bc3 1-0

[Event "GBR-ch U1750 op 105th"]
[Site "Hull"]
[Date "2018.08.02"]
[Round "4"]
[White "Matthews, Graham W"]
[Black "Lohia, Sohum"]
[Result "0-1"]
[WhiteElo "1619"]
[BlackElo "1255"]
[PlyCount "78"]
[EventDate "2018.07.30"]
[EventType "swiss"]
[EventRounds "5"]
[EventCountry "ENG"]
[SourceTitle "EXT 2021"]
[Source "ChessBase"]
[SourceDate "2020.10.23"]
[SourceVersion "1"]
[SourceVersionDate "2020.10.23"]
[SourceQuality "1"]

1. d4 Nf6 2. Nf3 g6 3. Bg5 Bg7 4. c3 0-0 5. Nbd2 d6 6. e4 c5 7. d5 Nbd7 8. Bd3 a6 9. 0-0 b5 10. Rb1 Bb7 11. c4 b4 12. Re1 Ng4 13. h3 Nge5 14. Nxe5 Nxe5 15. Bc2 h6 16. Bh4 a5 17. f4 Nd7 18. Nf3 Nb6 19. b3 a4 20. Bg3 axb3 21. Bxb3 Bc8 22. Qd3 Na4 23. e5 Bf5 24. Qe2 Bxb1 25. Rxb1 Nc3 26. Qc2 Nxb1 27. Qxb1 Qd7 28. Nd2 Qf5 29. Bc2 Qc8 30. Bh4 dxe5 31. Bxe7 Re8 32. d6 exf4 33. Ne4 Bd4+ 34. Kh1 f3 35. Nf6+ Bxf6 36. Bxf6 f2 37. Be7 Rxe7 38. dxe7 Qe6 39. g4 Qe1+ 0-1

[Event "GBR-ch U1750 op 105th"]
[Site "Hull"]
[Date "2018.08.01"]
[Round "3"]
[White "Taylor, Shaun"]
[Black "Matthews, Graham W"]
[Result "1-0"]
[WhiteElo "1690"]
[BlackElo "1619"]
[PlyCount "41"]
[EventDate "2018.07.30"]
[EventType "swiss"]
[EventRounds "5"]
[EventCountry "ENG"]
[SourceTitle "EXT 2021"]
[Source "ChessBase"]
[SourceDate "2020.10.23"]
[SourceVersion "1"]
[SourceVersionDate "2020.10.23"]
[SourceQuality "1"]

1. d4 d5 2. e3 c6 3. Bd3 Nf6 4. Nd2 Bg4 5. f3 Bh5 6. Ne2 Nbd7 7. c3 e5 8. Ng3 Bg6 9. Nf5 Qc7 10. Bc2 Bxf5 11. Bxf5 Bd6 12. 0-0 exd4 13. exd4 Bxh2+ 14. Kh1 0-0 15. Nb3 Rad8 16. f4 Bg3 17. Qf3 Bxf4 18. Bxf4 Qc8 19. Be5 g6 20. Bxf6 gxf5 21. Qg3# 1-0

[Event "GBR-ch U1900 op 104th"]
[Site "Llandudno"]
[Date "2017.08.04"]
[Round "5"]
[White "Dean, Robert A"]
[Black "Matthews, Graham W"]
[Result "1-0"]
[WhiteElo "1850"]
[BlackElo "1610"]
[PlyCount "41"]
[EventDate "2017.07.31"]
[EventType "swiss"]
[EventRounds "5"]
[EventCountry "WLS"]
[SourceTitle "EXT 2019"]
[Source "ChessBase"]
[SourceDate "2018.10.10"]
[SourceVersion "1"]
[SourceVersionDate "2018.10.10"]
[SourceQuality "1"]

1. e4 c5 2. f4 Nc6 3. Nf3 d5 4. exd5 Qxd5 5. Nc3 Qd6 6. Bc4 h6 7. d3 Nf6 8. 0-0 Na5 9. Qe1 Nxc4 10. dxc4 e6 11. Be3 Be7 12. Rd1 Qb8 13. f5 e5 14. Nd5 Nxd5 15. Rxd5 f6 16. Nh4 b6 17. Ng6 Rg8 18. Qh4 Qb7 19. Rd2 Rf8 20. Qh5 Rf7 21. Nh8 1-0

[Event "Harrogate 4NCL op-B 12th"]
[Site "Harrogate"]
[Date "2017.01.08"]
[Round "5"]
[White "Matthews, Graham W"]
[Black "Robinson, Brian"]
[Result "1/2-1/2"]
[WhiteElo "1637"]
[BlackElo "1565"]
[PlyCount "33"]
[EventDate "2017.01.06"]
[EventType "swiss"]
[EventRounds "5"]
[EventCountry "ENG"]
[SourceTitle "CBM 176 Extra"]
[Source "ChessBase"]
[SourceDate "2017.03.02"]
[SourceVersion "1"]
[SourceVersionDate "2017.03.02"]
[SourceQuality "1"]

1. d4 d5 2. Nf3 Nf6 3. g3 c5 4. c3 Nc6 5. Bg5 Qb6 6. Qb3 cxd4 7. Qxb6 axb6 8. Nbd2 Bf5 9. Bg2 e6 10. Bxf6 gxf6 11. Nh4 Bg6 12. Nxg6 fxg6 13. 0-0 Bh6 14. e3 Kf7 15. f4 f5 16. Nf3 b5 17. a3 1/2-1/2

[Event "BCF-ch U140 103rd"]
[Site "Bournemouth"]
[Date "2016.07.28"]
[Round "4"]
[White "Matthews, Graham W"]
[Black "Gilbert, David J"]
[Result "1-0"]
[WhiteElo "1641"]
[BlackElo "1655"]
[PlyCount "101"]
[EventDate "2016.07.25"]
[EventType "swiss"]
[EventRounds "5"]
[EventCountry "ENG"]
[SourceTitle "EXT 2025"]
[Source "ChessBase"]
[SourceDate "2024.10.14"]
[SourceVersion "1"]
[SourceVersionDate "2024.10.14"]
[SourceQuality "1"]

1. d4 Nf6 2. c4 g6 3. Nf3 Bg7 4. Nc3 d5 5. Bf4 c5 6. dxc5 Na6 7. cxd5 Nxc5 8. e3 Qa5 9. Bb5+ Bd7 10. Bxd7+ Nfxd7 11. Nd4 Ne4 12. Qa4 Qxa4 13. Nxa4 Bxd4 14. exd4 Ndf6 15. Be5 0-0 16. Bxf6 Nxf6 17. Nc3 Rfd8 18. 0-0 Nxd5 19. Rfe1 Kf8 20. Kf1 Nb4 21. Rad1 Rd7 22. Re2 Rad8 23. a3 Nd5 24. g3 Nf6 25. Red2 Ng4 26. h3 Ne5 27. d5 a6 28. Ne4 b6 29. Ke2 Kg7 30. b3 h6 31. f4 f5 32. fxe5 fxe4 33. Ke3 Rc7 34. Kxe4 Rc3 35. Rd3 Rc2 36. e6 Rdc8 37. Rf1 Re2+ 38. Kd4 Rf8 39. Rxf8 Kxf8 40. Rf3+ Kg8 41. Rf7 Rd2+ 42. Ke4 Re2+ 43. Kd3 Re5 44. Kd4 Re1 45. Rxe7 Rd1+ 46. Ke5 Rd3 47. Re8+ Kg7 48. d6 Rxb3 49. e7 Rc3 50. Rb8 Kf7 51. Rf8+ 1-0

[Event "BCF-ch U140 103rd"]
[Site "Bournemouth"]
[Date "2016.07.27"]
[Round "3"]
[White "Carr, John W"]
[Black "Matthews, Graham W"]
[Result "0-1"]
[WhiteElo "1392"]
[BlackElo "1641"]
[PlyCount "96"]
[EventDate "2016.07.25"]
[EventType "swiss"]
[EventRounds "5"]
[EventCountry "ENG"]
[SourceTitle "EXT 2025"]
[Source "ChessBase"]
[SourceDate "2024.10.14"]
[SourceVersion "1"]
[SourceVersionDate "2024.10.14"]
[SourceQuality "1"]

1. e4 d6 2. d4 Nc6 3. c3 e5 4. d5 Nce7 5. Bb5+ Bd7 6. Bxd7+ Qxd7 7. Nf3 h6 8. Qb3 Rb8 9. Be3 b6 10. Nbd2 Nf6 11. h3 a6 12. a4 Ng6 13. c4 Be7 14. Qd1 0-0 15. Qe2 a5 16. Nf1 Nxe4 17. Bxh6 Nc5 18. Bc1 Nb3 19. Rb1 Qxa4 20. Qc2 Qb4+ 21. N1d2 Nxc1 22. Qxc1 e4 23. Nd4 Bg5 24. Nc6 Qxd2+ 25. Qxd2 Bxd2+ 26. Kxd2 Rbe8 27. g3 Ne5 28. Nxe5 Rxe5 29. g4 Rb8 30. b3 b5 31. Ke3 f6 32. Rhd1 Kf7 33. Rd2 bxc4 34. Rd4 Rxb3+ 35. Rxb3 cxb3 36. Kd2 a4 37. Rxa4 Rxd5+ 38. Kc3 Rb5 39. Kb2 d5 40. Rd4 Ke6 41. Rd1 c5 42. Ra1 Ke5 43. Ra7 g5 44. Ra6 d4 45. Ra8 d3 46. Rd8 Rb6 47. Re8+ Kf4 48. Rd8 Kf3 0-1

[Event "BCF-ch U140 103rd"]
[Site "Bournemouth"]
[Date "2016.07.25"]
[Round "1"]
[White "Everitt, David"]
[Black "Matthews, Graham W"]
[Result "0-1"]
[WhiteElo "1320"]
[BlackElo "1641"]
[PlyCount "82"]
[EventDate "2016.07.25"]
[EventType "swiss"]
[EventRounds "5"]
[EventCountry "ENG"]
[SourceTitle "EXT 2025"]
[Source "ChessBase"]
[SourceDate "2024.10.14"]
[SourceVersion "1"]
[SourceVersionDate "2024.10.14"]
[SourceQuality "1"]

1. e4 d6 2. d4 Nc6 3. Nf3 Bg4 4. Be2 e5 5. d5 Nce7 6. 0-0 f5 7. Nc3 Nf6 8. Ng5 Bxe2 9. Qxe2 fxe4 10. Ne6 Qd7 11. f3 Nexd5 12. Nxf8 Rxf8 13. Nxd5 Nxd5 14. Qxe4 c6 15. f4 Qf5 16. Qxf5 Rxf5 17. g4 Rf7 18. f5 Kd7 19. Bd2 Re8 20. c4 Nc7 21. Rad1 d5 22. cxd5 cxd5 23. a4 d4 24. Bb4 Nd5 25. Bd2 Rc8 26. Rfe1 Kd6 27. h4 Rc2 28. b4 Nc3 29. Bxc3 Rxc3 30. Kf2 Kd5 31. h5 e4 32. Kg2 Ke5 33. Rf1 e3 34. Rde1 Ke4 35. Rf3 Rc2+ 36. Kg3 Kd3 37. Rff1 e2 38. Rf2 Ke3 39. Rg2 d3 40. Ra1 d2 41. Ra3+ Kd4 0-1

[Event "BCF-ch Week2 AM op"]
[Site "Coventry"]
[Date "2015.08.04"]
[Round "2"]
[White "Matthews, Graham W"]
[Black "Bielby, Paul R"]
[Result "1/2-1/2"]
[WhiteElo "1630"]
[BlackElo "1950"]
[PlyCount "41"]
[EventDate "2015.08.03"]
[EventType "swiss"]
[EventRounds "5"]
[EventCountry "ENG"]
[SourceTitle "CBM 167 Extra"]
[Source "ChessBase"]
[SourceDate "2015.09.14"]
[SourceVersion "1"]
[SourceVersionDate "2015.09.14"]
[SourceQuality "1"]

1. d4 Nf6 2. Nf3 g6 3. Bg5 Bg7 4. Nbd2 d5 5. c3 Nbd7 6. Qc2 c6 7. e4 dxe4 8. Nxe4 0-0 9. Bd3 h6 10. Nxf6+ exf6 11. Be3 f5 12. g3 Nf6 13. 0-0-0 Qd5 14. Ne5 Qxa2 15. Bc4 Qa5 16. Nxg6 Re8 17. Nf4 Be6 18. Nxe6 fxe6 19. Qb3 Nd5 20. Bf4 b5 21. Bxd5 1/2-1/2

[Event "BCF-ch Week2 AM op"]
[Site "Coventry"]
[Date "2015.08.03"]
[Round "1"]
[White "Jeffries, Majid"]
[Black "Matthews, Graham W"]
[Result "1-0"]
[WhiteElo "1987"]
[BlackElo "1630"]
[PlyCount "60"]
[EventDate "2015.08.03"]
[EventType "swiss"]
[EventRounds "5"]
[EventCountry "ENG"]
[SourceTitle "CBM 167 Extra"]
[Source "ChessBase"]
[SourceDate "2015.09.14"]
[SourceVersion "1"]
[SourceVersionDate "2015.09.14"]
[SourceQuality "1"]

1. Nf3 d5 2. d4 Nf6 3. c4 c6 4. Nc3 Bf5 5. e3 e6 6. Nh4 Bg6 7. Nxg6 hxg6 8. Qb3 Qb6 9. c5 Qxb3 10. axb3 Nbd7 11. b4 e5 12. b5 Be7 13. bxc6 bxc6 14. Ba6 Rd8 15. 0-0 Nb8 16. dxe5 Ng4 17. h3 Nxe5 18. b4 0-0 19. Rd1 Bf6 20. Ra2 Rd7 21. Ne2 Nxa6 22. Rxa6 Rb8 23. Bd2 Nd3 24. Rb1 Rc7 25. Nd4 Rbb7 26. Rb3 Ne5 27. Bc3 Rc8 28. f4 Nc4 29. Nxc6 Bxc3 30. Rxc3 Rbc7 1-0